Players With Most Points From The NHL 2024-25 Season - Statistics

General Stats
  • This quiz has been taken 14 times
  • The average score is 39 of 50
Answer Stats
Points Team Answer % Correct
74 CAR Aho
100%
91 PIT Crosby
100%
106 EDM Draisaitl
100%
121 TBL Kucherov
100%
116 COL MacKinnon
100%
78 TOR Matthews
100%
100 EDM McDavid
100%
73 WSH Ovechkin
100%
89 MTL Suzuki
100%
71 FLA Barkov
92%
94 VGK Eichel
92%
76 VAN Hughes
92%
70 NJD Hughes
92%
92 COL Makar
92%
106 BOS Pastrnak
92%
80 DAL Robertson
92%
90 UTA Keller
83%
102 TOR Marner
83%
88 DAL Rantanen
83%
88 NJD Bratt
75%
70 MTL Caufield
75%
97 WPG Connor
75%
90 TBL Hagel
75%
70 DET Larkin
75%
83 COL Necas
75%
84 TOR Nylander
75%
89 NYR Panarin
75%
87 WPG Scheifele
75%
81 STL Thomas
75%
82 CBJ Werenski
75%
76 NSH Forsberg
67%
80 TBL Guentzel
67%
69 NJD Hischier
67%
73 LAK Kempe
67%
76 PHI Konecny
67%
70 STL Kyrou
67%
74 CBJ Marchenko
67%
82 TBL Point
67%
80 DET Raymond
67%
82 WSH Strome
67%
79 OTT Stutzle
67%
74 TOR Tavares
67%
72 BUF Thompson
67%
73 MIN Boldy
58%
70 DET DeBrincat
58%
82 DAL Duchene
58%
71 DAL Johnston
58%
81 FLA Reinhart
58%
70 NYR Miller
50%
70 PIT Rakell
50%
No matching quizzes found
Score Distribution
Percent of People with Each Score
Percentile by Number Answered
Your Score History
You have not taken this quiz